000
00266nam a22001097a 4500
008
160520b xxu||||| |||| 00| 0 eng d
020
_a
9780323053594
041
_a
eng
080
_a
316.77
245
_a
The media of mass communication:
_c
John Vivian;
942
_2
udc
_c
BK
999
_c
2278
_d
2278